00418 2200157 4500001002100000008004100021035002000062245002300082100002400105260003400129300001400163082001100177650004600188990001300234990001300247INLIS000000000002161 ind  a0010-0423002161 aLEGENDA SITI JENAR aABU FAJAR AL-QALAMI aSURABAYAbPUSTAKA MEDIAc2005 ahlm.ccm. a297903 aSEJARAH ISLAM DAN BIOGRAFI - ENSIKLOPEDIA a101896-2 a101896-1